Missing Word: Emmy Winning Shows A-Z Quiz Stats

 Plays Quiz Updated Jan 9, 2015

Challenge
Share
Tweet
Embed
Score 0/24 Timer 03:00
1 Play Today
TV Show Missing Word % Correct
Law and _____Order
97.5%
_________ Loves RaymondEverybody
96.2%
________ Night LiveSaturday
96.1%
The Dick ___ Dyke ShowVan
95.9%
_________ DevelopmentArrested
95.9%
Mission: __________Impossible
95.5%
I Love ____Lucy
93.4%
The Golden _____Girls
92.7%
The Wonder _____Years
90.9%
30 ____Rock
89.8%
The West ____Wing
89.3%
The Mary _____ Moore ShowTyler
89.2%
TV Show Missing Word % Correct
______ FamilyModern
88.1%
The Rockford _____Files
83.4%
_______, Downstairs Upstairs
80.1%
____ Street BluesHill
79.7%
_____ and LaceyCagney
79.3%
Murphy _____Brown
79.1%
________ ExposureNorthern
75%
The _____ Show with Jon StewartDaily
74.1%
______ FencesPicket
68.2%
The ____ Benny ShowJack
66.1%
_______ Center HonorsKennedy
59.6%
Pantomime ____Quiz
19.5%

Today's Daily Dose

Quick Pick
The Muppets

On This Day
December 19th II

You're not logged in!

Compare scores with friends on all Sporcle quizzes.
OR
Log In

You Might Also Like...

Show Comments

Extras

Top Quizzes Today


Score Distribution

Your Account Isn't Verified!

In order to create a playlist on Sporcle, you need to verify the email address you used during registration. Go to your Sporcle Settings to finish the process.

Report this User

Report this user for behavior that violates our Community Guidelines.

Details: